Missing Word: Entertainment 'C' Quiz Stats

 Plays Quiz Updated Oct 30, 2018

Challenge
Share
Tweet
Embed
Score 0/20 Timer 04:00
2 Plays Today
Hint Answer % Correct
BookCrime
96.5%
MusicalChrist
96.3%
BookCities
95.5%
AlbumCalifornia
89.9%
MovieConfidential
82.4%
MovieChariots
78.4%
AlbumCalling
76.9%
MusicalChorus
69.4%
AlbumCompton
66.8%
BookChocolate
62%
Hint Answer % Correct
MusicalCage
61.4%
MusicalCradle
61.3%
MovieCity
50.9%
BookCountry
50.6%
BookChildren
49.6%
MovieCastle
42.6%
MusicalCharity
41%
MovieCinema
37.9%
AlbumComputer
30.2%
AlbumCourt
27.7%

Today's Daily Dose

You're not logged in!

Compare scores with friends on all Sporcle quizzes.
OR
Log In

You Might Also Like...

Show Comments

Extras

Top Quizzes Today


Score Distribution

Your Account Isn't Verified!

In order to create a playlist on Sporcle, you need to verify the email address you used during registration. Go to your Sporcle Settings to finish the process.

Report this User

Report this user for behavior that violates our Community Guidelines.

Details: